Central Library and Information Centre
Sibsagar Girls' College, Sivasagar : Assam

COLLEGE ALGEBRA (Record no. 3014)

MARC details
000 -LEADER
fixed length control field 00372cam a2200169ua 4500
008 - FIXED-LENGTH DATA ELEMENTS--GENERAL INFORMATION
fixed length control field 140828n1987 II |||gr||||Z||||||eng
040 ## - CATALOGING SOURCE
Original cataloging agency MAIN
041 ## - LANGUAGE CODE
-- English
082 ## - DEWEY DECIMAL CLASSIFICATION NUMBER
Classification number 512 MAJ
100 ## - MAIN ENTRY--PERSONAL NAME
Personal name MAJUMDAR, A. R.
245 ## - TITLE STATEMENT
Title COLLEGE ALGEBRA
260 ## - PUBLICATION, DISTRIBUTION, ETC.
Place of publication, distribution, etc. KOLKATA
Name of publisher, distributor, etc. ORIENT BOOK CO.
Date of publication, distribution, etc. 1987
300 ## - PHYSICAL DESCRIPTION
Extent 328:
Dimensions 20CM.
942 ## - ADDED ENTRY ELEMENTS (KOHA)
Koha item type Books
653 ## - INDEX TERM--UNCONTROLLED
Uncontrolled term Algebra
Holdings
Withdrawn status Lost status Damaged status Not for loan Collection code Home library Current library Shelving location Date acquired Full call number Barcode Date last seen Copy number Price effective from Koha item type Public note
        TBMAT Central Library and Information Centre Sibsagar Girls College Central Library and Information Centre Sibsagar Girls College MATHEMATICS BOOK RACK 07.03.1985 512 MAJ 11276 27.02.2020 1 27.02.2020 Books V


Sibsagar Girl's College © 2020. All rights reserved.
Powered by Koha.
Maintained by Abhijit Borpuzari.